[Event "Olomouc Chess Summer 2019 - Open Olomouc"]
[Site "Olomouc (CZE), Hotel Flora"]
[Date "2019.08.17"]
[Round "9"]
[Board "7"]
[White "BABULA, Milan"]
[Black "SVOBODOVA, Michaela"]
[Result "0-1"]
[WhiteElo "2226"]
[BlackElo "2055"]
[PlyCount "114"]
[EventDate "2019.08.10"]
[EventRounds "9"]
[EventCountry "CZE"]

1. e4 c5 2. Nf3 e6 3. d4 cxd4 4. Nxd4 a6 5. Bd3 g6 6. c4 Bg7 7. Be3 Ne7 8. Nc3
O-O 9. O-O d6 10. Qd2 Nbc6 11. Nxc6 bxc6 12. Rfd1 Qc7 13. Rac1 c5 14. Bf1 Rd8
15. Bf4 e5 16. Bg5 Be6 17. Nd5 Bxd5 18. cxd5 a5 19. Rc4 Rdb8 20. Rdc1 Nc8 21.
Ra4 Rb4 22. Qc2 Qb7 23. Rb1 Nb6 24. Ra3 f5 25. f3 f4 26. Bh4 Nd7 27. Be1 Qa7
28. Kh1 Bf6 29. Bxb4 cxb4 30. Rd3 Nc5 31. Rdd1 Bd8 32. Bc4 Bb6 33. g3 Qf7 34.
Kg2 Rf8 35. Rf1 Qf6 36. a3 h5 37. axb4 axb4 38. Qd2 Qg5 39. Qxb4 Bd8 40. Qe1
Kg7 41. b4 Nd7 42. Ra1 Bb6 43. Ra6 fxg3 44. hxg3 Be3 45. Rxd6 Nf6 46. Rc6 h4
47. Rc7+ Kh6 48. Rh1 Bd2 49. Qf2 Nxe4 50. Rxh4+ Qxh4 51. Qxd2+ Nxd2 52. gxh4
Nxf3 53. d6 e4 54. d7 Ne5 55. Be6 e3 56. Rc2 Nd3 57. Bg4 Ne1+  0-1

[Event "Olomouc Chess Summer 2019 - Open Olomouc"]
[Site "Olomouc (CZE), Hotel Flora"]
[Date "2019.08.17"]
[Round "9"]
[Board "8"]
[White "CHANDREYEE, Hajra"]
[Black "PTACNIKOVA, Lenka"]
[Result "0-1"]
[WhiteElo "1950"]
[BlackElo "2089"]
[PlyCount "84"]
[EventDate "2019.08.10"]
[EventRounds "9"]
[EventCountry "CZE"]

1. e4 d6 2. d4 Nf6 3. Nc3 e5 4. dxe5 dxe5 5. Qxd8+ Kxd8 6. Bg5 Be6 7. f4 h6 8.
Bxf6+ gxf6 9. f5 Bd7 10. Bc4 Rg8 11. g3 Be8 12. O-O-O+ Nd7 13. Nge2 c6 14. a3
b5 15. Bb3 Kc7 16. a4 b4 17. Nb1 Nc5 18. Nd2 Rb8 19. Kb1 h5 20. Rhe1 Bh6 21.
Nc4 Bf8 22. Nc1 h4 23. gxh4 Rg4 24. h5 Rh4 25. Rg1 Rxh5 26. Ne3 Nxe4 27. Rg8
Bc5 28. Ng4 Rxf5 29. Nd3 Be7 30. Rh8 Rg5 31. Ngf2 Nxf2 32. Nxf2 f5 33. h4 Rg2
34. Nd3 e4 35. Nc1 Bf6 36. Rh7 Rg7 37. Rxg7 Bxg7 38. Rf1 Bd7 39. Bxf7 Rf8 40.
Bg6 Kd6 41. Ne2 Ke5 42. Ng3 e3  0-1

[Event "Olomouc Chess Summer 2019 - Open Olomouc"]
[Site "Olomouc (CZE), Hotel Flora"]
[Date "2019.08.17"]
[Round "9"]
[Board "9"]
[White "FISCHER, Erik"]
[Black "BEDNAR, Jan"]
[Result "1/2-1/2"]
[WhiteElo "1935"]
[BlackElo "2066"]
[PlyCount "55"]
[EventDate "2019.08.10"]
[EventRounds "9"]
[EventCountry "CZE"]

1. e4 c5 2. Nf3 d6 3. Bb5+ Bd7 4. Bxd7+ Qxd7 5. c4 Nf6 6. Nc3 g6 7. d4 cxd4 8.
Nxd4 Bg7 9. f3 O-O 10. Be3 Nc6 11. O-O Rac8 12. Rc1 Rfd8 13. b3 e6 14. Qe2 Nxe4
15. fxe4 Nxd4 16. Qf2 Nc6 17. Rfd1 b6 18. Bg5 f6 19. Bf4 Ne5 20. Nb5 Qe7 21.
Rc2 Bf8 22. Rcd2 Qb7 23. Bxe5 fxe5 24. Qf6 Qf7 25. Qxf7+ Kxf7 26. Nxd6+ Bxd6
27. Rxd6 Rxd6 28. Rxd6  1/2-1/2

[Event "Olomouc Chess Summer 2019 - Open Olomouc"]
[Site "Olomouc (CZE), Hotel Flora"]
[Date "2019.08.17"]
[Round "9"]
[Board "10"]
[White "CERMAK, Jan"]
[Black "DAMBRAUSKAS, Virginijus"]
[Result "1/2-1/2"]
[WhiteElo "1912"]
[BlackElo "2253"]
[PlyCount "138"]
[EventDate "2019.08.10"]
[EventRounds "9"]
[EventCountry "CZE"]

1. e4 c5 2. Nf3 e6 3. c3 Nf6 4. e5 Nd5 5. d4 cxd4 6. cxd4 b6 7. Nc3 Nxc3 8.
bxc3 Qc7 9. Bd2 Be7 10. Bd3 Ba6 11. Bxa6 Nxa6 12. Qa4 Nb8 13. O-O O-O 14. c4
Nc6 15. Be3 d6 16. exd6 Bxd6 17. c5 Be7 18. Rac1 Rfc8 19. cxb6 axb6 20. Qb3 Qb7
21. d5 Na5 22. Qxb6 Qxd5 23. Rxc8+ Rxc8 24. Qd4 Qxd4 25. Nxd4 Bf6 26. Rb1 g6
27. g3 Kf8 28. Kg2 h5 29. h3 Ke7 30. Rb5 Nc4 31. Rb7+ Ke8 32. Nb5 Nxe3+ 33.
fxe3 Be5 34. Kf3 Ra8 35. Na7 Rb8 36. Rxb8+ Bxb8 37. Nb5 Kd7 38. g4 Kc6 39. Nd4+
Kd5 40. gxh5 gxh5 41. Ne2 h4 42. Nf4+ Kc4 43. Kg4 Ba7 44. Ng2 Kd3 45. a4 Bxe3
46. Kxh4 Bd2 47. Kg4 Ke4 48. h4 f5+ 49. Kg3 Ba5 50. Kf2 Ke5 51. Ne3 Kf4 52. Nc4
Bb4 53. a5 Bc5+ 54. Ke2 Kg4 55. a6 Kxh4 56. Kf3 Kg5 57. Ne5 Bb6 58. Nc6 Kf6 59.
a7 Bxa7 60. Nxa7 e5 61. Nc6 Ke6 62. Nxe5 Kxe5 63. Ke3 f4+ 64. Kf3 Kf5 65. Kf2
Ke4 66. Ke2 f3+ 67. Kf2 Kf4 68. Kf1 Ke4 69. Kf2 Ke5  1/2-1/2

[Event "Olomouc Chess Summer 2019 - Open senioru"]
[Site "Olomouc (CZE), Hotel Flora"]
[Date "2019.08.10"]
[Round "1"]
[Board "1"]
[White "POKORNY, Zdenek"]
[Black "HORAK, Miroslav"]
[Result "1-0"]
[WhiteElo "2215"]
[BlackElo "1722"]
[PlyCount "71"]
[EventDate "2019.08.10"]
[EventRounds "9"]
[EventCountry "CZE"]

1. e4 c5 2. Nf3 d6 3. c3 Nf6 4. Be2 Nc6 5. d3 e6 6. O-O Be7 7. Re1 Bd7 8. Bf1
Qc7 9. d4 cxd4 10. cxd4 O-O 11. Nc3 d5 12. e5 Ne8 13. Bd3 g6 14. Bh6 Ng7 15.
Rc1 a6 16. Qd2 b5 17. h4 Rfc8 18. g4 Qd8 19. Kg2 f5 20. gxf5 Nxf5 21. Bxf5 gxf5
22. Kh3 Bf8 23. Rg1+ Kh8 24. Rg2 Bxh6 25. Qxh6 Qf8 26. Ng5 Qg7 27. Qxg7+ Kxg7
28. Nxe6+ Kh6 29. Ng5 Be8 30. Nxd5 Nxd4 31. Rd1 Ne2 32. Rd2 Rd8 33. Ne6 Rxd5
34. Rxd5 Bc6 35. Rd6 Bxg2+ 36. Kxg2  1-0

[Event "Olomouc Chess Summer 2019 - Open senioru"]
[Site "Olomouc (CZE), Hotel Flora"]
[Date "2019.08.10"]
[Round "1"]
[Board "2"]
[White "FELDVABL, Vilem"]
[Black "SHILOV, Sergej"]
[Result "0-1"]
[WhiteElo "1682"]
[BlackElo "2129"]
[PlyCount "124"]
[EventDate "2019.08.10"]
[EventRounds "9"]
[EventCountry "CZE"]

1. d4 Nf6 2. Nf3 c5 3. c3 b6 4. Bf4 Bb7 5. e3 Nh5 6. Bxb8 Rxb8 7. Nbd2 g6 8.
Qc2 Bg7 9. Be2 O-O 10. Nh4 e6 11. Bxh5 Qxh4 12. Bf3 d5 13. g3 Qh3 14. Qd3 e5
15. dxe5 Bxe5 16. Qf1 Qe6 17. Qg2 Rfd8 18. O-O Qe7 19. Nb3 a5 20. Rad1 a4 21.
Nc1 a3 22. bxa3 Bxc3 23. Ne2 Ba5 24. Bxd5 Bxd5 25. Rxd5 Rxd5 26. Qxd5 Rd8 27.
Qb3 Qe6 28. Nf4 Qxb3 29. axb3 g5 30. b4 cxb4 31. axb4 Bxb4 32. Rb1 Bc5 33. Ne2
Rd3 34. Kf1 Kf8 35. Ra1 Ke7 36. Ra7+ Rd7 37. Ra8 Rd1+ 38. Kg2 Rd2 39. Ra7+ Ke6
40. Nd4+ Bxd4 41. exd4 Rxd4 42. Rb7 Rb4 43. Rb8 h5 44. h3 Kf5 45. Rh8 h4 46.
g4+ Ke6 47. Rd8 Rc4 48. Rg8 f6 49. Rd8 Rc6 50. Rd3 b5 51. Rb3 Rb6 52. Rb4 Kd5
53. f4 Kc5 54. Re4 gxf4 55. Rxf4 b4 56. Rf5+ Kd4 57. g5 fxg5 58. Rxg5 b3 59.
Rg4+ Ke5 60. Rg8 b2 61. Re8+ Kd4 62. Rd8+ Kc3  0-1

[Event "Olomouc Chess Summer 2019 - Open senioru"]
[Site "Olomouc (CZE), Hotel Flora"]
[Date "2019.08.10"]
[Round "1"]
[Board "3"]
[White "GALVANEK, Ladislav"]
[Black "NOVAK, Borivoj"]
[Result "1-0"]
[WhiteElo "1971"]
[BlackElo "1637"]
[PlyCount "157"]
[EventDate "2019.08.10"]
[EventRounds "9"]
[EventCountry "CZE"]

1. d4 d5 2. Bf4 Nf6 3. e3 g6 4. h3 Bg7 5. Nf3 O-O 6. Be2 c5 7. c3 c4 8. Nbd2
Nc6 9. O-O b5 10. b3 Bf5 11. Qc1 Re8 12. Bh2 h5 13. a4 a6 14. Qb2 Qd7 15. Ra2
Ne4 16. Nxe4 Bxe4 17. axb5 axb5 18. Rfa1 Rxa2 19. Rxa2 Bxf3 20. Bxf3 e5 21.
bxc4 bxc4 22. Qa1 exd4 23. exd4 Nxd4 24. cxd4 Bxd4 25. Qd1 Qb5 26. Rd2 Qb4 27.
Bd6 Bxf2+ 28. Kxf2 Qxd6 29. Rxd5 Qb6+ 30. Kf1 c3 31. Qc2 Qe3 32. Rd1 Qe5 33.
Rc1 Rc8 34. Qe4 Qb5+ 35. Qe2 Qc5 36. Qd3 Qa3 37. Rc2 Qa1+ 38. Kf2 Qa7+ 39. Qe3
Qa5 40. Qd4 Qa1 41. Be4 Qa5 42. Qd5 Qb6+ 43. Kf3 Qf6+ 44. Kg3 Rd8 45. Qc5 Re8
46. Rf2 h4+ 47. Kh2 Qe5+ 48. Qxe5 Rxe5 49. Bc2 Re3 50. Rf4 Re2 51. Bb3 Rb2 52.
Bd5 Rd2 53. Bxf7+ Kg7 54. Be8 Rd8 55. Ba4 Rc8 56. Bc2 g5 57. Rf5 Rd8 58. Rxg5+
Kh6 59. Rc5 Rd4 60. Rxc3 Kg5 61. Rc5+ Kf4 62. Rf5+ Ke3 63. Rf3+ Ke2 64. Bf5 Rb4
65. Bg4 Kd2 66. Rf5 Rb1 67. Rh5 Ke3 68. Rxh4 Kf2 69. Bf3 Re1 70. Rh8 Re7 71. h4
Ke3 72. Kh3 Rg7 73. h5 Kf4 74. h6 Rg6 75. Kh4 Rf6 76. Kh5 Rf5+ 77. Kg6 Rg5+ 78.
Kh7 Kf5 79. Rg8  1-0

[Event "Olomouc Chess Summer 2019 - Open senioru"]
[Site "Olomouc (CZE), Hotel Flora"]
[Date "2019.08.11"]
[Round "2"]
[Board "1"]
[White "TERPSTRA, Wiep"]
[Black "POKORNY, Zdenek"]
[Result "0-1"]
[WhiteElo "1795"]
[BlackElo "2215"]
[PlyCount "142"]
[EventDate "2019.08.10"]
[EventRounds "9"]
[EventCountry "CZE"]

1. d4 f5 2. Nf3 Nf6 3. Bf4 e6 4. e3 b6 5. Nbd2 Bb7 6. Be2 Be7 7. O-O Nh5 8. Ne5
Nxf4 9. exf4 O-O 10. Bf3 c6 11. Re1 Na6 12. c3 Nc7 13. g3 Nd5 14. Bg2 a5 15. c4
Nf6 16. Rc1 a4 17. a3 Ra5 18. Qe2 Qc7 19. Nd3 Ba6 20. Nb4 Bc8 21. Nd3 Ba6 22.
Nb4 Bc8 23. Nd3 Qa7 24. h3 Qb8 25. Rc2 g6 26. Ne5 Nh5 27. Bf3 Ng7 28. h4 Bf6
29. Qe3 Ra7 30. d5 exd5 31. cxd5 c5 32. b4 cxb4 33. axb4 Re8 34. Rec1 Ba6 35.
Qa3 Bb5 36. Ndc4 Bxc4 37. Nxc4 b5 38. Ne3 Bd4 39. Kg2 Qb6 40. Rc8 Kf7 41. Rxe8
Nxe8 42. Rc2 Nd6 43. Qd3 Bf6 44. h5 Qd4 45. hxg6+ hxg6 46. Qxd4 Bxd4 47. Be2
Ke7 48. Bd3 Kd8 49. Ra2 Rc7 50. Nc2 Rc3 51. Be2 Bf6 52. Na3 Rb3 53. Nxb5 Nxb5
54. Bxb5 a3 55. Ba4 Rd3 56. Bc2 Rd2 57. Bb3 Bb2 58. Kf1 Ke7 59. b5 Rd4 60. Ke2
Rb4 61. Bc2 Rxb5 62. Bd3 Rxd5 63. Kd2 Kd6 64. f3 Kc5 65. g4 Kb4 66. gxf5 gxf5
67. Ke2 Kc3 68. Bb1 Kb3 69. Ke1 Rc5 70. Kd2 d6 71. Kd3 Rc1  0-1

[Event "Olomouc Chess Summer 2019 - Open senioru"]
[Site "Olomouc (CZE), Hotel Flora"]
[Date "2019.08.11"]
[Round "2"]
[Board "2"]
[White "SHILOV, Sergej"]
[Black "MIKULKA, Jan"]
[Result "1-0"]
[WhiteElo "2129"]
[BlackElo "1805"]
[PlyCount "59"]
[EventDate "2019.08.10"]
[EventRounds "9"]
[EventCountry "CZE"]

1. e4 e5 2. Nf3 Nc6 3. Bc4 Bc5 4. b4 Nxb4 5. c3 Nc6 6. d4 exd4 7. O-O Be7 8.
Qb3 Na5 9. Bxf7+ Kf8 10. Qa4 Kxf7 11. Qxa5 c5 12. Qa4 d6 13. cxd4 cxd4 14. Nxd4
Nf6 15. Nc3 a6 16. Bf4 Nh5 17. Be3 Rb8 18. Qb3+ Kf8 19. Nc6 Be6 20. Qxe6 bxc6
21. Rab1 Nf6 22. f4 Ne8 23. Rxb8 Qxb8 24. Rb1 Qa8 25. e5 Nc7 26. Qd7 Nb5 27.
Qf5+ Ke8 28. Nxb5 axb5 29. exd6 Qa3 30. d7+  1-0

[Event "Olomouc Chess Summer 2019 - Open senioru"]
[Site "Olomouc (CZE), Hotel Flora"]
[Date "2019.08.11"]
[Round "2"]
[Board "3"]
[White "LACHA, Jan"]
[Black "GALVANEK, Ladislav"]
[Result "1/2-1/2"]
[WhiteElo "1768"]
[BlackElo "1971"]
[PlyCount "61"]
[EventDate "2019.08.10"]
[EventRounds "9"]
[EventCountry "CZE"]

1. e4 Nf6 2. Nc3 e5 3. Bc4 Nc6 4. d3 Na5 5. Nf3 Nxc4 6. dxc4 d6 7. Bg5 Be7 8.
Bxf6 Bxf6 9. Nd5 Bg4 10. Nxf6+ Qxf6 11. Qd3 Bxf3 12. gxf3 O-O-O 13. a4 Kb8 14.
a5 c6 15. Qb3 Rd7 16. O-O-O Rhd8 17. Rd2 Qe6 18. Rhd1 a6 19. Kb1 g5 20. Qb4 h5
21. Kc1 g4 22. c5 dxc5 23. Qxc5 Qa2 24. Qxe5+ Ka8 25. Rd3 Qa1+ 26. Kd2 Rxd3+
27. cxd3 Rxd3+ 28. Kxd3 Qxd1+ 29. Kc4 Qxf3 30. Qh8+ Ka7 31. Qd4+  1/2-1/2

[Event "Olomouc Chess Summer 2019 - Open senioru"]
[Site "Olomouc (CZE), Hotel Flora"]
[Date "2019.08.11"]
[Round "3"]
[Board "1"]
[White "POKORNY, Zdenek"]
[Black "VLKOVIC, Pavol"]
[Result "1-0"]
[WhiteElo "2215"]
[BlackElo "1833"]
[PlyCount "35"]
[EventDate "2019.08.10"]
[EventRounds "9"]
[EventCountry "CZE"]

1. e4 d6 2. d4 Nf6 3. Nc3 c6 4. f4 g6 5. Nf3 Bg7 6. Bd3 O-O 7. O-O b5 8. a3 a6
9. e5 Ne8 10. Qe1 Nc7 11. Ne4 Bf5 12. Qh4 h6 13. g4 Bxe4 14. Bxe4 d5 15. Bd3 e6
16. Qh3 Nd7 17. f5 g5 18. Bxg5  1-0

[Event "Olomouc Chess Summer 2019 - Open senioru"]
[Site "Olomouc (CZE), Hotel Flora"]
[Date "2019.08.11"]
[Round "3"]
[Board "2"]
[White "RICICA, Pavel"]
[Black "SHILOV, Sergej"]
[Result "0-1"]
[WhiteElo "1000"]
[BlackElo "2129"]
[PlyCount "98"]
[EventDate "2019.08.10"]
[EventRounds "9"]
[EventCountry "CZE"]

1. e4 c5 2. Nf3 Nf6 3. Nc3 Nc6 4. d4 cxd4 5. Nxd4 e5 6. Nf3 Bb4 7. Bd3 d5 8.
exd5 Qxd5 9. O-O Bxc3 10. bxc3 Bg4 11. Be2 Qxd1 12. Rxd1 e4 13. Nd4 Nxd4 14.
Bxg4 Nxc2 15. Rb1 Nxg4 16. Rb2 Rd8 17. Rxd8+ Kxd8 18. Rxc2 Kc8 19. h3 Ne5 20.
Be3 Nc6 21. Kf1 Rd8 22. Ke2 Kd7 23. Rd2+ Ke8 24. Rxd8+ Kxd8 25. Bf4 Kd7 26. Ke3
f5 27. g4 g6 28. h4 Ke6 29. h5 Ne5 30. gxf5+ Kxf5 31. Bg3 gxh5 32. Ke2 Nf3 33.
Kf1 h4 34. Bb8 a6 35. Kg2 Kg4 36. Bc7 h3+ 37. Kh1 b5 38. Bb8 Kf5 39. Bc7 Ke6
40. Bf4 Kd5 41. Bh6 Kc4 42. Bg7 Kd3 43. Bf6 a5 44. Bg7 a4 45. Bf6 Kc2 46. Bg7
Kb1 47. a3 Ka2 48. Bf8 Kb3 49. Bb4 Ne1  0-1

[Event "Olomouc Chess Summer 2019 - Open senioru"]
[Site "Olomouc (CZE), Hotel Flora"]
[Date "2019.08.11"]
[Round "3"]
[Board "3"]
[White "GALVANEK, Ladislav"]
[Black "MADAR, Vladimir"]
[Result "1-0"]
[WhiteElo "1971"]
[BlackElo "1727"]
[PlyCount "43"]
[EventDate "2019.08.10"]
[EventRounds "9"]
[EventCountry "CZE"]

1. d4 d5 2. Bf4 Nf6 3. e3 Bf5 4. c4 e6 5. Nc3 c6 6. Qb3 Qb6 7. c5 Qxb3 8. axb3
Nbd7 9. b4 Be7 10. h3 Ne4 11. b5 Nxc3 12. bxc3 Nf6 13. bxc6 bxc6 14. Ba6 O-O
15. Nf3 Ne4 16. Ne5 g5 17. Bh2 Bd8 18. Nxc6 Nxc3 19. O-O g4 20. Rfc1 Ne4 21.
hxg4 Bxg4 22. Nxd8  1-0

[Event "Olomouc Chess Summer 2019 - Open senioru"]
[Site "Olomouc (CZE), Hotel Flora"]
[Date "2019.08.12"]
[Round "4"]
[Board "1"]
[White "SHILOV, Sergej"]
[Black "POKORNY, Zdenek"]
[Result "1/2-1/2"]
[WhiteElo "2129"]
[BlackElo "2215"]
[PlyCount "79"]
[EventDate "2019.08.10"]
[EventRounds "9"]
[EventCountry "CZE"]

1. e4 e5 2. Nc3 Nf6 3. Bc4 Nc6 4. d3 Bc5 5. f4 d6 6. f5 h6 7. Qf3 Na5 8. Nge2
c6 9. a3 Nxc4 10. dxc4 a5 11. Be3 Bxe3 12. Qxe3 O-O 13. O-O-O Qe7 14. h3 Ne8
15. h4 Nc7 16. g4 f6 17. g5 fxg5 18. hxg5 Qxg5 19. Qxg5 hxg5 20. Rxd6 Ne8 21.
Rg6 Kf7 22. Rxg5 Bd7 23. Ng1 Nf6 24. Nf3 Rae8 25. Rd1 Re7 26. Rg2 Rh8 27. Ng5+
Kg8 28. Na4 Rh4 29. Nb6 Kf8 30. Nxd7+ Nxd7 31. Ne6+ Kg8 32. Rdg1 Rh7 33. Rg6
Nf8 34. Nxf8 Kxf8 35. c5 Rh2 36. Re6 Rxe6 37. fxe6 Rh4 38. Rg5 Rxe4 39. Rf5+
Ke7 40. Rf7+  1/2-1/2

[Event "Olomouc Chess Summer 2019 - Open senioru"]
[Site "Olomouc (CZE), Hotel Flora"]
[Date "2019.08.12"]
[Round "4"]
[Board "2"]
[White "SPANTON, Tim R"]
[Black "GALVANEK, Ladislav"]
[Result "0-1"]
[WhiteElo "1881"]
[BlackElo "1971"]
[PlyCount "80"]
[EventDate "2019.08.10"]
[EventRounds "9"]
[EventCountry "CZE"]

1. e4 Nf6 2. Nc3 e5 3. Bc4 Nc6 4. d3 Na5 5. Bb3 Nxb3 6. axb3 d6 7. Be3 a6 8.
Nge2 Be7 9. O-O O-O 10. Ng3 Ng4 11. Nd5 Bh4 12. Nf5 Nxe3 13. fxe3 c6 14. Nc3
Bg5 15. Qe2 g6 16. Ng3 Bh6 17. Rf2 Qg5 18. Re1 Bg4 19. Qf1 Rae8 20. Nb1 Bg7 21.
Nd2 d5 22. Nf3 Qe7 23. h3 Bc8 24. Qe2 f5 25. exd5 cxd5 26. e4 fxe4 27. dxe4 d4
28. Qd2 Bd7 29. c4 dxc3 30. bxc3 Bc6 31. Qc2 Rd8 32. Kh1 Bh6 33. Rff1 Rf6 34.
Rd1 Rfd6 35. c4 Bf4 36. Ne2 Bxe4 37. Qxe4 Rxd1 38. Rxd1 Rxd1+ 39. Nfg1 Qc5 40.
b4 Qe3  0-1

[Event "Olomouc Chess Summer 2019 - Open senioru"]
[Site "Olomouc (CZE), Hotel Flora"]
[Date "2019.08.12"]
[Round "4"]
[Board "3"]
[White "VLKOVIC, Pavol"]
[Black "VAGOVSKY, Jozef"]
[Result "1/2-1/2"]
[WhiteElo "1833"]
[BlackElo "1780"]
[PlyCount "26"]
[EventDate "2019.08.10"]
[EventRounds "9"]
[EventCountry "CZE"]

1. e4 c6 2. d4 d5 3. Nc3 dxe4 4. Nxe4 Bf5 5. Ng3 Bg6 6. Nf3 Nd7 7. h4 h6 8. h5
Bh7 9. Bd3 Bxd3 10. Qxd3 Ngf6 11. Bd2 e6 12. O-O-O Qc7 13. Kb1 O-O-O  1/2-1/2

[Event "Olomouc Chess Summer 2019 - Open senioru"]
[Site "Olomouc (CZE), Hotel Flora"]
[Date "2019.08.13"]
[Round "5"]
[Board "1"]
[White "TERPSTRA, Wiep"]
[Black "SHILOV, Sergej"]
[Result "0-1"]
[WhiteElo "1795"]
[BlackElo "2129"]
[PlyCount "98"]
[EventDate "2019.08.10"]
[EventRounds "9"]
[EventCountry "CZE"]

1. d4 Nf6 2. Nf3 c5 3. c3 b6 4. Bf4 Bb7 5. e3 Nh5 6. Bg3 Nxg3 7. hxg3 g6 8. Qb3
cxd4 9. exd4 e6 10. Nbd2 Bg7 11. Qa3 Qe7 12. Qxe7+ Kxe7 13. Bd3 h5 14. Be4 Nc6
15. d5 Na5 16. dxe6 dxe6 17. Bxb7 Nxb7 18. O-O-O Rac8 19. Rhe1 Rhd8 20. Ne4
Rxd1+ 21. Rxd1 Nc5 22. Nxc5 Rxc5 23. Kc2 Rc7 24. Nd4 a6 25. a4 e5 26. Ne2 Rc4
27. b3 Rc6 28. f3 f5 29. Rd5 Bf6 30. c4 Re6 31. a5 Rc6 32. axb6 Rxb6 33. Rd1
Rd6 34. Rxd6 Kxd6 35. Nc3 Kc5 36. Nd5 Bd8 37. Kd3 a5 38. Kc3 e4 39. f4 h4 40.
gxh4 Bxh4 41. b4+ axb4+ 42. Kb3 Be1 43. Ne7 Bd2 44. Nxg6 e3 45. Ne5 e2 46. Nd3+
Kd4 47. Kc2 e1=Q 48. Nxe1 Bxe1 49. Kb3 Kc5  0-1

[Event "Olomouc Chess Summer 2019 - Open senioru"]
[Site "Olomouc (CZE), Hotel Flora"]
[Date "2019.08.13"]
[Round "5"]
[Board "2"]
[White "POKORNY, Zdenek"]
[Black "SPANTON, Tim R"]
[Result "1-0"]
[WhiteElo "2215"]
[BlackElo "1881"]
[PlyCount "57"]
[EventDate "2019.08.10"]
[EventRounds "9"]
[EventCountry "CZE"]

1. e4 e5 2. Nf3 Nc6 3. Bc4 Bc5 4. O-O Nf6 5. d3 a6 6. c3 Ba7 7. d4 Nxe4 8. dxe5
O-O 9. Bd5 Nc5 10. Bg5 Qe8 11. Re1 Ne6 12. Qd3 Ne7 13. Be4 Nxg5 14. Nxg5 g6 15.
Nd2 f5 16. Qh3 h5 17. Bc2 Kg7 18. Bb3 Ng8 19. Qf3 Qe7 20. Qf4 Nh6 21. h3 b5 22.
Rad1 Bb7 23. Ndf3 Bxf3 24. Nxf3 Nf7 25. e6 dxe6 26. Rxe6 Qc5 27. Rd7 Rad8 28.
Qg5 Rxd7 29. Rxg6+  1-0

[Event "Olomouc Chess Summer 2019 - Open senioru"]
[Site "Olomouc (CZE), Hotel Flora"]
[Date "2019.08.13"]
[Round "5"]
[Board "3"]
[White "RICICA, Pavel"]
[Black "VLKOVIC, Pavol"]
[Result "0-1"]
[WhiteElo "1000"]
[BlackElo "1833"]
[PlyCount "126"]
[EventDate "2019.08.10"]
[EventRounds "9"]
[EventCountry "CZE"]

1. e4 Nf6 2. e5 Nd5 3. d4 d6 4. c4 Nb6 5. Nf3 Bg4 6. Be2 Nc6 7. Nbd2 e6 8. O-O
Be7 9. h3 Bf5 10. a4 a6 11. exd6 cxd6 12. a5 Nc8 13. d5 exd5 14. cxd5 Ne5 15.
Nd4 Bg6 16. N2f3 O-O 17. Qb3 Qd7 18. Bf4 Bf6 19. Rac1 Ne7 20. Bg5 Bxg5 21. Nxg5
h6 22. Ngf3 Be4 23. Qe3 Bxd5 24. Nxe5 dxe5 25. Qxe5 Ng6 26. Qe3 Rfe8 27. Qc3
Rac8 28. Bg4 Rxc3 29. Bxd7 Rxc1 30. Bxe8 Rxf1+ 31. Kxf1 Nf4 32. b4 Bxg2+ 33.
Kg1 Kf8 34. Ba4 Bxh3 35. Nb3 Nd5 36. Nc5 Bc8 37. b5 axb5 38. Bxb5 Nc7 39. Bc4
Ke7 40. Na4 f6 41. Kf1 Be6 42. Bd3 Kd6 43. Ke2 Bd5 44. f4 Ne6 45. Ke3 Nc5 46.
Nxc5 Kxc5 47. a6 bxa6 48. Bxa6 g5 49. fxg5 hxg5 50. Bc8 Kd6 51. Bg4 Ke5 52. Bh5
f5 53. Bd1 g4 54. Kf2 Kf4 55. Bc2 Kg5 56. Bd3 f4 57. Bb5 Be4 58. Bc4 g3+ 59.
Kg1 Kg4 60. Be6+ Kf3 61. Bh3 Ke3 62. Bf1 f3 63. Bg2 f2+  0-1

[Event "Olomouc Chess Summer 2019 - Open senioru"]
[Site "Olomouc (CZE), Hotel Flora"]
[Date "2019.08.14"]
[Round "6"]
[Board "1"]
[White "GALVANEK, Ladislav"]
[Black "POKORNY, Zdenek"]
[Result "0-1"]
[WhiteElo "1971"]
[BlackElo "2215"]
[PlyCount "106"]
[EventDate "2019.08.10"]
[EventRounds "9"]
[EventCountry "CZE"]

1. d4 Nf6 2. Bf4 g6 3. e3 Bg7 4. h3 c5 5. c3 O-O 6. Nd2 b6 7. Be2 Nc6 8. Ngf3
d6 9. O-O Re8 10. Bh2 Bb7 11. a4 Qc7 12. Qb3 e5 13. dxe5 dxe5 14. Rfd1 Na5 15.
Qc2 c4 16. b4 cxb3 17. Nxb3 Nxb3 18. Qxb3 Ne4 19. Bb5 Re7 20. Qb4 a6 21. Bf1
Bf8 22. c4 a5 23. Qb2 f6 24. Rab1 Kg7 25. Rdc1 Nc5 26. Ra1 Qc6 27. Qc2 Rd8 28.
Rcb1 Na6 29. Rd1 Nb4 30. Qb3 Red7 31. Rxd7+ Qxd7 32. Rc1 Bc5 33. Be2 Qc6 34.
Rd1 Rxd1+ 35. Qxd1 Bc8 36. Qb3 Bd7 37. Bd1 Bf5 38. Ne1 Qd7 39. Bg4 Bxg4 40.
hxg4 Qxg4 41. Kf1 h5 42. Bg1 h4 43. f3 Qd7 44. Bf2 h3 45. gxh3 Qxh3+ 46. Ke2 e4
47. Qd1 Nd3 48. Nxd3 Qxf3+ 49. Kd2 Qxd1+ 50. Kxd1 exd3 51. Kd2 f5 52. Kxd3 f4
53. Bh4 fxe3  0-1

[Event "Olomouc Chess Summer 2019 - Open senioru"]
[Site "Olomouc (CZE), Hotel Flora"]
[Date "2019.08.14"]
[Round "6"]
[Board "2"]
[White "SHILOV, Sergej"]
[Black "KASPAREK, Jiri"]
[Result "1-0"]
[WhiteElo "2129"]
[BlackElo "1744"]
[PlyCount "101"]
[EventDate "2019.08.10"]
[EventRounds "9"]
[EventCountry "CZE"]

1. e4 g6 2. d4 Bg7 3. c4 d6 4. Nc3 Nd7 5. f4 e5 6. dxe5 dxe5 7. Nf3 c6 8. fxe5
Nxe5 9. Qxd8+ Kxd8 10. Bg5+ Ke8 11. Bf4 Nxf3+ 12. gxf3 h5 13. Bd6 Be6 14. O-O-O
Rd8 15. Be2 Ne7 16. Kc2 f6 17. Rhg1 g5 18. f4 Bg4 19. Bxg4 hxg4 20. fxg5 Rxd6
21. Rxd6 Rxh2+ 22. Rd2 Rxd2+ 23. Kxd2 fxg5 24. Rxg4 Bf6 25. e5 Bxe5 26. Kc2 Bf4
27. Ne2 Nf5 28. Kd3 Nh6 29. Rg2 Be5 30. Nd4 Nf7 31. Ke4 Kd7 32. c5 Bf4 33. Ne2
Be5 34. Nd4 Bf4 35. Kf5 Be3 36. Ne6 b6 37. Kf6 Nd8 38. Nf8+ Kc7 39. cxb6+ Kxb6
40. Nh7 a5 41. Nxg5 c5 42. Ke5 Kb5 43. Ke4 Bd4 44. Nf3 Bf6 45. Ne5 Bh4 46. Kd5
Bf6 47. Rg8 Bxe5 48. Rxd8 Bd4 49. Rb8+ Ka4 50. Kc4 Bf2 51. Rb3  1-0

[Event "Olomouc Chess Summer 2019 - Open senioru"]
[Site "Olomouc (CZE), Hotel Flora"]
[Date "2019.08.14"]
[Round "6"]
[Board "3"]
[White "VLKOVIC, Pavol"]
[Black "NOVAK, Borivoj"]
[Result "1/2-1/2"]
[WhiteElo "1833"]
[BlackElo "1637"]
[PlyCount "82"]
[EventDate "2019.08.10"]
[EventRounds "9"]
[EventCountry "CZE"]

1. e4 c5 2. Nc3 Nc6 3. Bb5 d6 4. Nge2 Bd7 5. Bxc6 bxc6 6. O-O Nf6 7. h3 g6 8.
d3 Bg7 9. Be3 O-O 10. Ng3 Rb8 11. Rb1 Qc8 12. Kh2 h5 13. Nh1 Kh7 14. f3 Rh8 15.
Nf2 Kg8 16. g3 e5 17. Kg2 h4 18. g4 Be6 19. b3 Qf8 20. Bg5 Nd7 21. Qe1 f6 22.
Bc1 d5 23. Ba3 Qf7 24. Na4 Bf8 25. Qa5 f5 26. Bc1 f4 27. Qxa7 Qe8 28. Qa5 d4
29. Bb2 Qc8 30. Qe1 Rh7 31. Kh2 g5 32. c3 Qa6 33. cxd4 cxd4 34. Bc1 Nc5 35.
Nxc5 Bxc5 36. Qe2 Ra7 37. Qc2 Bb4 38. a4 Bc3 39. Nd1 Qa5 40. Ba3 c5 41. Nxc3
dxc3  1/2-1/2

[Event "Olomouc Chess Summer 2019 - Open senioru"]
[Site "Olomouc (CZE), Hotel Flora"]
[Date "2019.08.15"]
[Round "7"]
[Board "1"]
[White "POKORNY, Zdenek"]
[Black "LACHA, Jan"]
[Result "1-0"]
[WhiteElo "2215"]
[BlackElo "1768"]
[PlyCount "81"]
[EventDate "2019.08.10"]
[EventRounds "9"]
[EventCountry "CZE"]

1. e4 c6 2. d4 d5 3. exd5 cxd5 4. Bd3 Nc6 5. c3 Nf6 6. Nf3 Qc7 7. O-O Bg4 8.
Re1 O-O-O 9. Nbd2 e6 10. h3 Bh5 11. b4 Bd6 12. b5 Na5 13. Nb3 Nc4 14. Nbd2 Nxd2
15. Bxd2 Bh2+ 16. Kh1 Bf4 17. b6 axb6 18. Be3 Ne4 19. Bxe4 dxe4 20. Bxf4 Qxf4
21. Qd2 e5 22. Qxf4 exf4 23. Ng5 f5 24. Ne6 Rd7 25. Nxf4 Bf7 26. h4 Rg8 27.
Reb1 Kc7 28. Rb5 g5 29. hxg5 Rxg5 30. Rab1 Rd6 31. a4 Bc4 32. Re5 Rh6+ 33. Kg1
Rh4 34. Rb4 Bg8 35. Nd5+ Bxd5 36. Rxd5 Rhg4 37. Rc4+ Kb8 38. Rd8+ Ka7 39. Rcc8
Rxg2+ 40. Kf1 b5 41. a5  1-0